Online katalóg knižníc regiónu Turca

Zuzanina skrytá tvár (Record no. 22203)

MARC details
000 -LEADER
fixed length control field 01356nam a2200385 a 4500
001 - CONTROL NUMBER
control field 22203
003 - CONTROL NUMBER IDENTIFIER
control field VRT
005 - DATE AND TIME OF LATEST TRANSACTION
control field 20260323130929.0
008 - FIXED-LENGTH DATA ELEMENTS--GENERAL INFORMATION
fixed length control field 240315s2011 xo g 000 f slo
015 ## - NATIONAL BIBLIOGRAPHY NUMBER
National bibliography number SNBA2012/12-05833
020 ## - INTERNATIONAL STANDARD BOOK NUMBER
International Standard Book Number 9788089482245
Qualifying information (viaz.)
035 ## - SYSTEM CONTROL NUMBER
System control number BBCF056F-0B11-412B-BF68-B53A001D7445
035 ## - SYSTEM CONTROL NUMBER
System control number urn:nbn:sk:snk-amjhij
035 ## - SYSTEM CONTROL NUMBER
System control number urn:nbn:sk:snk-am002h1c
039 #9 - LEVEL OF BIBLIOGRAPHIC CONTROL AND CODING DETAIL [OBSOLETE]
Level of rules in bibliographic description 202403151826
Level of effort used to assign nonsubject heading access points VLOAD
Level of effort used to assign subject headings 201808091623
Level of effort used to assign classification VLOAD
Level of effort used to assign subject headings 201508271350
Level of effort used to assign classification VLOAD
Level of effort used to assign subject headings 201508271018
Level of effort used to assign classification VLOAD
040 ## - CATALOGING SOURCE
Original cataloging agency PPPK
Language of cataloging slo
Transcribing agency PPPK
Modifying agency SNK
Description conventions AACR2
041 0# - LANGUAGE CODE
Language code of text/sound track or separate title slo
044 ## - COUNTRY OF PUBLISHING/PRODUCING ENTITY CODE
MARC country code xo
ISO country code SK
072 #7 - SUBJECT CATEGORY CODE
Subject category code 821.162.4-3
Subject category code subdivision Slovenská próza
Source konspekt
080 ## - UNIVERSAL DECIMAL CLASSIFICATION NUMBER
Universal Decimal Classification number 821.162.4-31
Edition identifier 2001
100 1# - MAIN ENTRY--PERSONAL NAME
Personal name Sabová, Nata
Relationship aut
245 10 - TITLE STATEMENT
Title Zuzanina skrytá tvár
Statement of responsibility, etc. Nata Sabová
250 ## - EDITION STATEMENT
Edition statement [1. vyd.]
260 ## - PUBLICATION, DISTRIBUTION, ETC.
Place of publication, distribution, etc. Bratislava
Name of publisher, distributor, etc. Motýľ
Date of publication, distribution, etc. 2011
300 ## - PHYSICAL DESCRIPTION
Extent 387 s.
Dimensions 21 cm
655 #7 - INDEX TERM--GENRE/FORM
Genre/form data or focus term slovenské romány
Source of term SNKPH
655 #7 - INDEX TERM--GENRE/FORM
Genre/form data or focus term Slovak fiction
Source of term SNKPHeng
942 ## - ADDED ENTRY ELEMENTS (KOHA)
Source of classification or shelving scheme Dewey Decimal Classification
Koha item type Krásna literatúra pre dospelých
Suppress in OPAC No
949 ## - LOCAL PROCESSING INFORMATION (OCLC)
6 3830001154179
a kurukT18/SABO2-1
b kuruk2024/F800
o D2024/katedra histórie FFKU/9.4.2024
949 ## - LOCAL PROCESSING INFORMATION (OCLC)
6 270001000397511
a svkbbA 134287
b svkbbm 725849
949 ## - LOCAL PROCESSING INFORMATION (OCLC)
6 17A1017893
a snkSC 149833
b snk2012/11038
o 1406/12
949 ## - LOCAL PROCESSING INFORMATION (OCLC)
6 17A1017894
a snkSC 149833 D1
b snk2012/11039
o 1406/12
s 6100:20140925
980 ## - EQUIVALENCE OR CROSS-REFERENCE-SERIES STATEMENT--PERSONAL NAME/TITLE [LOCAL, CANADA]
Personal name 821.162.4-31
Holdings
Stav vyradenia Strata Poškodenie Spôsob nadobudnutia Domovská knižnica Aktuálna knižnica Dátum nadobudnutia Total checkouts Čiarový kód exemplára Date last seen Typ exemplára
      Dar Obecná knižnica Turčianska Štiavnička Obecná knižnica Turčianska Štiavnička 23.03.2026   4738000655 23.03.2026 Krásna literatúra pre dospelých
Projekt je podporený Slovenskou asociáciou knižníc
Prevádzkuje Turčianska knižnica Martin 2026